Central Library OPAC University of Rajshahi

Filtration and purification in the biopharmaceutical industry / (Record no. 81643)

MARC details
000 -LEADER
fixed length control field 01185nam a2200337 a 4500
001 - CONTROL NUMBER
control field 81643
003 - CONTROL NUMBER IDENTIFIER
rucl marc code BD-RjUL
005 - DATE AND TIME OF LATEST TRANSACTION
control field 20230806120252.0
008 - FIXED-LENGTH DATA ELEMENTS--GENERAL INFORMATION
fixed length control field 230806s2020 flua b 001 0 eng
020 ## - INTERNATIONAL STANDARD BOOK NUMBER
International Standard Book Number 9781138056749
Qualifying information (hardback : alk. paper)
Canceled/invalid ISBN 9781315164953
Qualifying information (ebook)
035 ## - SYSTEM CONTROL NUMBER
System control number (BD-RjUL)81643
040 ## - CATALOGING SOURCE
Original cataloging agency DLC
Language of cataloging eng
Description conventions rda
Transcribing agency DLC
Modifying agency DLC
-- BD-RjUL
041 ## - LANGUAGE CODE
Language code of text/sound track or separate title eng
082 00 - DEWEY DECIMAL CLASSIFICATION NUMBER
Edition number 23
Classification number 615.19
Author mark and year FIL 2020
245 00 - TITLE STATEMENT
Title Filtration and purification in the biopharmaceutical industry /
Statement of responsibility, etc. edited by Maik W. Jornitz.
250 ## - EDITION STATEMENT
Edition statement Third edition.
264 #1 - PRODUCTION, PUBLICATION, DISTRIBUTION, MANUFACTURE, AND COPYRIGHT NOTICE
Place of production, publication, distribution, manufacture Boca Raton :
Name of producer, publisher, distributor, manufacturer CRC Press, Taylor & Francis Group,
Date of production, publication, distribution, manufacture, or copyright notice 2020
300 ## - PHYSICAL DESCRIPTION
Pagination xviii, 653 pages :
Illustrations illustrations ;
Size 26 cm.
336 ## - CONTENT TYPE
Content type term text
Content type code txt
Source rdacontent
337 ## - MEDIA TYPE
Media type term unmediated
Media type code n
Source rdamedia
338 ## - CARRIER TYPE
Carrier type term volume
Carrier type code nc
Source rdacarrier
490 0# - SERIES STATEMENT
Series statement Drugs and the pharmaceutical sciences
504 ## - BIBLIOGRAPHY, ETC. NOTE
Bibliography, etc Includes bibliographical references and index.
650 #0 - SUBJECT ADDED ENTRY--TOPICAL TERM
Topical term or geographic name as entry element Biological products
General subdivision Separation.
9 (RLIN) 8225
Topical term or geographic name as entry element Filters and filtration.
9 (RLIN) 8226
Topical term or geographic name as entry element Pharmaceutical biotechnology
General subdivision Methodology.
9 (RLIN) 8227
700 1# - ADDED ENTRY--PERSONAL NAME
Personal name Jornitz, Maik W.,
Dates associated with a name 1961-
Relator term editor.
942 ## - ADDED ENTRY ELEMENTS (KOHA)
Source of classification or shelving scheme Dewey Decimal Classification
Koha item type Books
Holdings
Lost status Source of classification or shelving scheme Damaged status Not for loan Collection code Permanent Location Current Location Shelving location Date acquired Source of acquisition Cost, normal purchase price Total Checkouts Full call number Date last seen Copy number Koha item type
  Dewey Decimal Classification   Not For Loan Non-fiction Central Library, University of Rajshahi Central Library, University of Rajshahi Reading Room 05/06/2023 Dhaka : Page mark 14689.50   615.19 FIL 2020 06/08/2023 C-1 Books